000 00675nam a2200301Ia 4500
005 20260401122438.0
008 008 250103s9999 xx 000 0 eng d
020 _a9780231154123
037 _aTB
040 _aEDL
040 _beng
040 _cEDL
041 _2eng
041 _aeng
084 _a320.53TAU
084 _qEDL
100 _aTaubes, Jacob
_91233642
245 0 _aTo Carl Schmitt : Letter and reflection
245 0 _cTaubes, Jacob
260 _aNew York
260 _bColoumbia University Press
260 _c2013
300 _a69p
942 _cTB
942 _h320.53TAU
999 _c1847338
_d1847338